¿Hacia una reforma tributaria? (Registro nro. 15719)

Detalles MARC
000 -LEADER
fixed length control field 00299 a2200109 4500
001 - CONTROL NUMBER
control field ART_31491
005 - DATE AND TIME OF LATEST TRANSACTION
control field 20260410161707.0
008 - FIXED-LENGTH DATA ELEMENTS--GENERAL INFORMATION
fixed length control field 260409a
100 1# - MAIN ENTRY--PERSONAL NAME
Personal name Macon, Jorge
245 10 - TITLE STATEMENT
Title ¿Hacia una reforma tributaria?
773 0# - HOST ITEM ENTRY
Title Revista Impuestos
Related parts - Nº 2 (ene. 2007)
Record control number REV639

No hay ítems disponibles.